LIBRARY ONLINE CATALOGUE

Human resource management : (Record no. 5838)

MARC details
000 -LEADER
fixed length control field 00744nam a22002292 4500
001 - CONTROL NUMBER
control field 0000002396
005 - DATE AND TIME OF LATEST TRANSACTION
control field 20151217151852.0
008 - FIXED-LENGTH DATA ELEMENTS--GENERAL INFORMATION
fixed length control field 070410s xx 000 0 eng d
020 ## - INTERNATIONAL STANDARD BOOK NUMBER
International Standard Book Number 0273643169 :
Terms of availability GBP 37.99
040 ## - CATALOGING SOURCE
Original cataloging agency KABU
Transcribing agency KABU
050 #0 - LIBRARY OF CONGRESS CALL NUMBER
Classification number HF5549
Item number .H86 2001
245 10 - TITLE STATEMENT
Title Human resource management :
Remainder of title a contemporary approach /
Statement of responsibility, etc. edited by Ian Beardwell and Len Holden.
250 ## - EDITION STATEMENT
Edition statement 3rd ed.
260 ## - PUBLICATION, DISTRIBUTION, ETC. (IMPRINT)
Place of publication, distribution, etc. Harlow, England :
Name of publisher, distributor, etc. Prentice Hall/Financial Times,
Date of publication, distribution, etc. 2001.
300 ## - PHYSICAL DESCRIPTION
Extent xiv, 770 p. ;
Dimensions 25 cm.
650 #0 - SUBJECT ADDED ENTRY--TOPICAL TERM
Topical term or geographic name as entry element Personnel management.
-- 0000150761
700 1# - ADDED ENTRY--PERSONAL NAME
Personal name Beardwell, Ian.
-- 0000151743
700 1# - ADDED ENTRY--PERSONAL NAME
Personal name Holden, Len.
-- 0000151744
908 ## - PUT COMMAND PARAMETER (RLIN)
Put command parameter 070410
950 ## - LOCAL HOLDINGS (RLIN)
-- 1
Holdings
Withdrawn status Lost status Source of classification or shelving scheme Not for loan Home library Current library Date acquired Total Checkouts Full call number Barcode Date last seen Date last checked out Price effective from Koha item type
    Library of Congress Classification   Kabarak, Main Campus Kabarak, Main Campus 17/12/2015 2 HF5549 .H86 2001 010596 02/08/2024 21/11/2019 17/12/2015 General Collection